000 00924nam a2200241Ia 4500
999 _c37109
_d37109
003 GCL
005 20240530103134.0
008 140319s9999 xx 000 0 ara d
040 _aGCL /
_cGCL
082 0 4 _a575.1
_bج م
110 0 _aالجمعية الطبية البريطانية
245 1 0 _aمستقبلنا الوراثى : علم التكنولوجيا الوراثية واخلاقياته /
_cالجمعية الطبية البريطانية ؛ ترجمة مصطفى ابراهيم فهمى
260 _a[S.N] :
_bالمكتبة الاكاديمية ،
_c1995
300 _a309 ص
650 0 4 _aالوراثة
650 0 4 _aالنباتات
650 0 4 _aالجينات
650 0 4 _aالتكنولوجيا الوراثية
650 0 4 _aالتحديد الوراثى
650 0 4 _aالكائنات الدقيقة
700 1 _aمصطفى ابراهيم فهمى
_eمترجم
942 _2ddc
_cBK